[Event "Dresden zt 1.2"]
[Site "Dresden"]
[Date "1998.05.01"]
[Round "4"]
[White "Pavasovic, Dusko"]
[Black "Nedev, Trajce"]
[Result "0-1"]
[WhiteElo "2505"]
[BlackElo "2405"]
[Annotator "Har Zvi,R"]
[PlyCount "88"]
[EventDate "1998.04.28"]
[EventType "swiss"]
[EventRounds "11"]
[EventCountry "GER"]
[SourceTitle "CBM 065"]
[Source "ChessBase"]
[SourceDate "1998.08.06"]
[SourceVersion "1"]
[SourceVersionDate "1998.08.06"]
[SourceQuality "1"]

1. e4 c5 2. c3 Nf6 3. e5 Nd5 4. Nf3 Nc6 5. d4 cxd4 6. cxd4 d6 7. Bc4 e6 8. O-O
Be7 9. Qe2 O-O 10. Re1 {not a very playable move at all,to be honest I play
this line with the white pieces but this is the first time I see this move} (
10. Rd1 Bd7 (10... Na5 11. Bxd5 exd5 12. Nc3 Be6 13. Bf4 a6 14. Rac1 Rc8 15. h3
Re8 16. Nb1 Rxc1 17. Rxc1 Nc6 18. Rd1 dxe5 19. Nxe5 Nxe5 20. Bxe5 Bf8 21. Qd2
Qd7 {1/2-1/2 Zhukhovitsky,S-Arkhangelsky,B/WchS 1994/EXT 94ch}) (10... Nb6 11.
Bb3 d5 12. a3 Bd7 13. Nc3 Rc8 14. Bc2 f5 15. exf6 gxf6 $13 {0-1 Pandavos,
P-Grivas,E/GRE-ch95 1996/EXP 51 (44)}) (10... b6 11. Bxd5 exd5 12. Nc3 Be6 13.
Qb5 Rc8 14. Nxd5 Bxd5 15. Qxd5 dxe5 16. dxe5 Qxd5 17. Rxd5 f6 18. Be3 fxe5 19.
Nxe5 Nxe5 20. Rxe5 $14 {/+/- 1/2-1/2 Handoko,E-Fedder,S/Luzern olm 1982/BIG 80
(44)}) 11. Bxd5 (11. Nc3 Nxc3 12. bxc3 d5 13. Bd3 f5 14. exf6 Bxf6 15. Qc2 h6
16. Re1 Rc8 17. Qd1 Be7 18. Bd2 Bd6 $13 {1/2-1/2 Sturc,G-Maalla,A/Cappelle op
1995/EXT 95op2 (66)}) (11. a3 Rc8 12. Nbd2 Na5 13. Ba2 Ba4 14. Re1 dxe5 15.
Nxe5 Qb6 16. Qg4 Nf6 17. Qh3 Rc7 18. b4 Nc6 19. Bb2 $132 {1-0 Lane,G-Pavlovic,
M/Cappelle op 1995/EXT 95op2 (30)}) 11... exd5 12. Nc3 Be6 13. Bf4 (13. Qb5 a6
14. Qe2 Re8 15. Be3 h6 16. h3 Bf8 17. Qd2 Rc8 18. b3 Bf5 19. exd6 Nb4 20. Bf4
Bxd6 21. Bxd6 Qxd6 $36 {0-1 Pavasovic,D-Kozul,Z/Nova Gorica op 1997/EXP 56 (34)
}) 13... dxe5 14. dxe5 Qa5 15. a3 Rfd8 16. b4 Qb6 17. Be3 d4 18. Na4 Qc7 19.
Nxd4 Qxe5 20. Nxe6 Qxe6 21. Qb5 Rxd1+ 22. Rxd1 Qb3 23. Re1 Rd8 $15 {0-1 Honfi,
K-Portisch,L/Balatonfured 1959/EXT 97 (56)}) 10... Bd7 (10... Qb6 11. Qe4 dxe5
12. dxe5 Bc5 13. Re2 f5 {1/2-1/2 Sermek,D-Nedev,T/Zonal 1.1 1998/CBM 65_03/
[Har-Zvi,R] (41)}) 11. Nc3 $6 {I write and say over and over that I do not
like this move normally it is played on white's 10 move insted of Re1.if I can
get some attacking chances or some play without destroying my pawn structure I
prefer it no Questions about it that's why I played few times 10.Qe4 but never
Nc3 since and this game is a good example if white attack does not work he
gets a terrible pawn structure and terrible endgame} Nxc3 12. bxc3 dxe5 13.
dxe5 Na5 (13... Qc7 14. Bd3 Rfd8 15. Bg5 Be8 16. Bc2 g6 17. Qe3 Rd5 18. Bb3 Ra5
19. Bf6 Bxf6 20. exf6 Qd8 21. Ng5 Qxf6 $17 {1/2-1/2 Ristic,N-Vallifuoco,G/
Chianciano tt 1989/EXT 89b (45)}) 14. Bd3 Bc6 15. Nd4 Bd5 16. Qg4 g6 17. Bh6
Re8 {so great,everything is set for white's attack but where is the attack?I
can not see it.} 18. Bb5 (18. Re3 Nc4) 18... Bc6 {this is a critical position
white could exchange the both kngithand bishop on the Queen's side and get an
equal position,it was the best idea in my opinion,since if he does not have an
attack but has a bad pawn structure,it's just matter of time before black is
better,it was necessary to play this way} 19. Rad1 $6 (19. Nxc6 Nxc6 20. Bxc6
bxc6 21. Rad1 (21. Qa4 $11) 21... Qa5 22. Qf3 $11) 19... Qb6 20. Bxc6 {now
white will not be able to force black to play bxc6} Nxc6 21. Nf3 $2 {this is
already a serious incorrect move,white should again think about the idea of
exchanging knight the problem is that now black takes back witht the Queen on
"c6"so maybe Qf3 is a possible move with the idea of Nxc6 and also rb1 when
white position stille does not seem as a problematic one} (21. Qf3 $5) (21. Bg5
$5) 21... Rad8 $15 {[%csl Ra2,Rc3,Re5] now it is already different story,there
are many weakness,white believes in attack [ that's why he had play Nf3 ]
there is no attack but there now big problems} 22. Qf4 (22. Nd4 $5 {yes maybe
this strange move going back is not a a bad one,but it only showes how bad was
21.Nf3}) 22... Rxd1 23. Rxd1 Rd8 $15 {/-/+} 24. Re1 (24. Rxd8+ Bxd8 {[%cal
Gb6b1]} 25. Qc1 Bc7 $17) 24... Qc5 $17 {now you get fantastic demonstration
what happans when there is no attack!!} 25. Ng5 $2 (25. Qc1) {[%tqu "En",
"white has terrible structure but now he is going for attack if he will manage
to create strong threats then really one pawn is not so important,but 25.Ng5
is a mistake do you see why??","","","c6e5","",6]} 25... Nxe5 $1 (25... Bxg5 $5
{this was also a possible move} 26. Bxg5 (26. Qxg5 Qxc3 27. Kf1 Qd3+ (27...
Qc4+ $5) 28. Kg1 Qf5 29. Qxf5 exf5 $17) 26... Qxc3 $17 {/-+}) 26. h4 (26. Ne4
Qa5 27. Nf6+ Kh8) (26. h3 Qxc3 27. Rxe5 Rd1+ 28. Kh2 Qxe5 29. Qxe5 Bd6 $19 {
the same as after 26.h4}) 26... Qxc3 27. Rc1 (27. Rxe5 Rd1+ 28. Kh2 Qxe5 29.
Qxe5 Bd6 30. Qxd6 Rxd6 $19) (27. Qxe5 Qxe5 28. Rxe5 Rd1+ 29. Kh2 Bd6 $19) 27...
Qd4 $19 {the rest is really no big story} 28. Qg3 Bd6 29. Nf3 Nxf3+ 30. Qxf3
Qxh4 31. Be3 b6 32. g3 Qe7 33. Bh6 Bc5 34. Rc4 e5 35. Rc1 Qe6 36. Bg5 Re8 37.
Rd1 Kg7 38. a4 Qf5 39. Qxf5 gxf5 40. Rd7 Kg6 41. Bd2 Re7 42. Rd5 Bd4 43. Bb4
Rc7 44. Rd6+ f6 0-1

[Event "Czerniak Memorial 12th"]
[Site "Tel Aviv"]
[Date "1996.??.??"]
[Round "11"]
[White "Afek, Yochanan"]
[Black "Polgar, Sofia"]
[Result "0-1"]
[WhiteElo "2395"]
[BlackElo "2495"]
[Annotator "Har Zvi,R"]
[PlyCount "44"]
[EventDate "1996.04.??"]
[EventType "tourn"]
[EventRounds "11"]
[EventCountry "ISR"]
[EventCategory "9"]
[SourceTitle "CBM 053"]
[Source "ChessBase"]
[SourceDate "1996.08.01"]
[SourceVersion "1"]
[SourceVersionDate "1996.08.01"]
[SourceQuality "1"]

1. e4 c5 2. c3 d5 3. exd5 Qxd5 4. d4 Nf6 5. Nf3 Bg4 6. Be2 e6 7. O-O Nc6 8. h3
Bh5 9. Be3 cxd4 10. cxd4 Bb4 11. a3 Ba5 12. b4 Bb6 13. Nc3 Qd6 14. Nb5 Qb8 15.
g4 Bg6 {White had played the opening in a very agressive style which does not
go very well with sicilian 2.c3 and got this position with many weaknesses,he
contiues to play for the initiative but the end is already knowen! White had
played the opening in a very agressive style which does not go very well with
sicilian 2.c3 and got this position with many weaknesses,he contiues to play
for the initiative but the end is already knowen! White had played the opening
in a very agressive style which does not go very well with sicilian 2.c3 and
got this position with many weaknesses,he contiues to play for the initiative
but the end is already knowen!} 16. Ne5 Nd5 {suddenly a serious problem it is
impossible to take the knight on c6 but it is also impossible to go back with
the knight because of Nxe3 and Qg3 suddenly a serious problem it is impossible
to take the knight on c6 but it is also impossible to go back with the knight
because of Nxe3 and Qg3 suddenly a serious problem it is impossible to take
the knight on c6 but it is also impossible to go back with the knight because
of Nxe3 and Qg3} 17. Bf3 {but this is just the end of the game but this is
just the end of the game but this is just the end of the game} Nxe3 18. Nxc6
Nxd1 19. Nxb8 Nb2 20. Ra2 Bd3 21. Bxb7 Rxb8 22. Bc6+ Ke7 (22... Ke7 {Har Zvi}
23. Rxb2 Bxf1 24. Kxf1 Rhc8 25. d5 exd5 26. Re2+ Kf8 27. Bxd5 (27. Bd7 Rc1+)
27... a6 28. Nd6 Rd8) 0-1

[Event "Czerniak Memorial 12th"]
[Site "Tel Aviv"]
[Date "1996.??.??"]
[Round "5"]
[White "Har Zvi, Ronen"]
[Black "Shmuter, Leonid"]
[Result "1-0"]
[WhiteElo "2510"]
[BlackElo "2490"]
[Annotator "Har Zvi,R"]
[PlyCount "75"]
[EventDate "1996.04.??"]
[EventType "tourn"]
[EventRounds "11"]
[EventCountry "ISR"]
[EventCategory "9"]
[SourceTitle "CBM 053"]
[Source "ChessBase"]
[SourceDate "1996.08.01"]
[SourceVersion "1"]
[SourceVersionDate "1996.08.01"]
[SourceQuality "1"]

1. e4 {Kanstler} c5 2. c3 Nf6 3. e5 Nd5 4. Nf3 d6 5. d4 cxd4 6. cxd4 (6. Bc4
Nb6 7. Bb3 dxe5 8. Nxe5 e6 9. cxd4 Nc6 $10) (6. Qxd4 e6 7. Nbd2 Nc6 8. Qe4 (8.
Bb5 Bd7 9. Bxc6 Bxc6 10. Ne4 dxe5 11. Nxe5 Qc7 12. O-O f6 $10) 8... Be7 9. Nc4
f5 10. Qe2 dxe5 11. Ncxe5 Nxe5 12. Nxe5 $14 {Finkel,A-Greenfeld,A/Beer Sheva/
1996/1:0/39/}) 6... Nc6 7. Bc4 e6 {about one year before this game I already
got this position against Shmuter there he played 7...Nb6 which is probably
the best move in the position,but still I got the advantage} (7... Nb6 8. Bb3 (
8. Bb5 dxe5 9. Nxe5 Bd7 10. Bxc6 Bxc6 11. Nxc6 bxc6 12. O-O g6 13. Re1 Bg7 14.
Bg5 Nd5 $1 $10) 8... d5 {Shmuter was afraid to take on e5 but after my game
with Shmuter I have analysed taking on e5 quite alot and now I think white
should fight for equal after taking on e5!} (8... dxe5 {Kanstler} 9. d5 Na5 (
9... Nb4 $5 10. Nc3 e6 11. Bg5 Be7 12. dxe6 Bxe6 13. Bxe6 Qxd1+ 14. Rxd1 fxe6
15. Bxe7 Kxe7 16. Nxe5 Rhd8 $10 {Ivanov,V-Ivanov,M/RUS/1995/0,5/42/}) 10. Nc3
Nxb3 11. Qxb3 e6 12. Nxe5 exd5 13. Be3 Bd6 14. Qb5+ Bd7 15. Nxd7 Qxd7 16. O-O-O
Rd8 17. Kb1 O-O 18. Qxd7 Rxd7 19. Bxb6 axb6 20. Rxd5 $14 {Rausis,I-Krakops,M/
Riga/1995/}) 9. Nh4 $1 {not allowing Bg4/Bf5,a very interesting idea} e6 10.
Nf3 Bd7 11. Nc3 Be7 12. Bc2 Nc4 13. O-O Qa5 14. a3 O-O-O 15. Qd3 $1 $16 {
Har Zvi,R-Shmuter,L Rishon le Zion YM 1995 1-0 30}) 8. O-O Be7 9. Qe2 O-O 10.
Qe4 {really we do not see this position at all in top players games,maybe
becuase this position is just comfortable for white,I think this move is
better than 10.Nc3 because after 10...Nxc3 white gets a weak pawn,some examples
} (10. Nc3 Nxc3 11. bxc3 dxe5 12. dxe5 b6 (12... Qa5) (12... Qc7 13. Qe4 Bd7
14. Re1 Rac8 15. Bg5 Nxe5 $1 16. Bxe7 Nxf3+ 17. gxf3 (17. Qxf3 $2 Bc6 $19)
17... Qxc4 18. Bxf8 Qxe4 19. fxe4 Kxf8 $14 {/= Sveshnikov,E-Cvitan,O Tilburg 
(m/2) 1993 59/176 [Sveshnikov,E] 1-2/1-2 39}) 13. Bd3 Qc7 14. Re1 Bb7 15. Ng5
Bxg5 16. Bxg5 Nxe5 17. Qxe5 Qxe5 18. Rxe5 f6 19. Bxf6 Rxf6 $10 {Chekhov,
V-Lanka,Z SSSR 1979}) 10... Re8 (10... b6 11. Bd3 g6 12. Bh6 Re8 13. a3 (13.
Nc3 Ncb4 (13... Bb7) 14. Be2 Bb7 15. Nxd5 Bxd5 16. Qf4 Bxf3 $6 17. Bxf3 d5 $2
18. Be2 $1 $16 {Berelovich,A-Obukhov,A Sochi 1993 1-0 1993}) 13... Bb7 14. Nbd2
dxe5 15. dxe5 Na5 16. Qe2 Bf8 17. Bg5 Be7 18. Bh6 Bf8 19. Bg5 Be7 20. Ne4 Nb3
21. Rad1 Nd4 22. Nxd4 Bxg5 23. g3 $1 $16 {Finkel,A-Shmuter,L Beer-Sheva 1996
1-2/1-2 42}) (10... dxe5 11. dxe5 b6 (11... Qc7 12. Bd3 g6 13. Bh6 Rd8 14. Nbd2
Bd7 15. Rac1 Be8 16. Rfe1 Rac8 17. Bf1 $1 $14 {Smagin-Lechtynsky Karvina 1987
44/180}) 12. Bd3 g6 13. Bh6 Re8 14. Nbd2 (14. a3 f5 $5 15. exf6 Bxf6) 14...
Ndb4 15. Bc4 Bb7 16. Qf4 Nd3 17. Bxd3 Qxd3 18. Bg5 (18. Ne4 $2 Nd4 19. Nf6+
Bxf6 20. Qxf6 Nf5 $17) 18... Nd4 19. Nxd4 Bxg5 20. Qxg5 Qxd4 21. Rfe1 $1 Red8
22. Nf1 Qxb2 23. Ne3 $44 {Cherniaev,A-Neverov,V Sankt_Peterburg 1995 64/(154)})
11. Bd3 g6 12. a3 Bd7 13. Re1 Rc8 14. Nbd2 dxe5 15. dxe5 b5 $6 {black prevents
white from playing Nc4 but,white really wants to play on the king's side} (
15... Na5 16. b4 Bc6 17. Qg4 (17. bxa5 $2 Nb4 18. axb4 Bxe4 19. Bxe4 Bxb4 20.
Bxb7 $2 Rxc1 $1 (20... Rc2 $13) 21. Rexc1 Bxd2 22. Rc8 (22. Rd1 Qc7) 22... Qd7
23. Rxe8+ Qxe8 24. Nxd2 Qd7) (17. Qg4 {Kanstler} Nc7 (17... Nc3 18. Bf1 (18.
Be4 Bxe4 19. Nxe4 Nb3 20. Bg5 $1 Nxa1 21. Nf6+ Kg7 22. Bh6+ $1 $18) 18... Bxf3
19. Qxf3 Nc6 20. Qxc3 Nd4 21. Nc4 b5 22. Rd1 $18))) (15... Bf8 16. Nc4) 16. h4
$1 {white is lucky to be able to play is plan exactly in time,as we will see
black does not have counter-play at all} Na5 17. h5 Bc6 (17... f5 18. exf6 Nxf6
19. Qe2 Nxh5 20. Bxb5) 18. hxg6 hxg6 19. Qg4 $36 {white has some serious
threats on the king's side,black gives a pawn in order to get some
compensation but it does not really works} Nf4 (19... Kg7 20. b4) 20. Bxb5 $5 {
I had 20 minutes for my next 20 moves so I did not want to play very
complicated as after 20.Be4 with some strong theartes,I simply wanted to take
the pawn and then think!! but probably it was better than 20.Be4} (20. Be4 Nd3
$5 (20... Bxe4 {Kanstler} 21. Nxe4 Nd3 22. Bg5 $1 Nxe1 23. Nf6+ Bxf6 (23... Kg7
24. Bh6+ $1 $18) 24. Bxf6 Nxf3+ 25. gxf3 $1 (25. Qxf3 $2 Qd2 26. Qh3 Rc1+ 27.
Rxc1 Qxc1+ 28. Kh2 Qf4+ $10) 25... Qxf6 26. exf6 Rc5 27. b4 Rc4 28. Qg5 $18)
21. Bxg6 (21. Rd1 Bc5 $13 (21... Bxe4 22. Nxe4 $1 Nb3 (22... Nxc1 23. Rdxc1
Rxc1+ 24. Rxc1 $14) 23. Bg5 $3 {this is a good example to threats after 20.Be4}
Nxa1 24. Qh4 {and white is winning})) 21... Nxe1 22. Ne4 Nxf3+ 23. gxf3 fxg6
24. Qxg6+ Kh8 25. Qh6+ $10) 20... Bxb5 (20... Nd3 21. Bxd3 Qxd3 22. b4 Nb3 23.
Nxb3 Qxb3) (20... Nxg2 21. Kxg2 $1 Bxb5 22. Rh1 {and black get mated on the h
file}) 21. Qxf4 Bd3 22. b4 Nc4 23. Ne4 Bxe4 24. Qxe4 (24. Rxe4) 24... a5 $1 25.
bxa5 Qxa5 $2 {the last mistake,after 25...Nxa5 white is much better but black
has chances to save the game.after white's next move the game is over} (25...
Nxa5 $5 $14 {Kanstler}) 26. Bg5 $1 $18 Nxe5 {black's last chance which does
not work!} 27. Qxe5 $1 (27. Nxe5 Bxg5 28. Nxg6 fxg6 29. Qxg6+ Kf8) 27... Rc5 (
27... Qxe5 28. Rxe5 f6 29. Rxe6 fxg5 30. Nxg5 $1) 28. Bxe7 Rxe5 29. Nxe5 $1 {
not 29.Rxe5?? Qc3} (29. Rxe5 {Kanstler} Qc3 $17) 29... Rxe7 30. Nc6 Qc7 31.
Nxe7+ Qxe7 32. a4 Qa7 33. a5 Qa6 34. Reb1 Kg7 35. Rb6 Qc4 (35... Qa7 {Kanstler}
36. a6 Qxb6 37. a7 $18) 36. a6 Qd4 37. Rbb1 Qa7 38. Rd1 $1 {and black resigned,
there is nothing to do against 39.Rd7} 1-0

[Event "St Petersburg-ch"]
[Site "St Petersburg"]
[Date "1996.??.??"]
[Round "5"]
[White "Sivokho, Sergey V"]
[Black "Loginov, Valery A"]
[Result "0-1"]
[WhiteElo "2410"]
[BlackElo "2525"]
[Annotator "Har Zvi,R"]
[PlyCount "66"]
[EventDate "1996.04.??"]
[EventType "tourn"]
[EventRounds "13"]
[EventCountry "RUS"]
[EventCategory "11"]
[SourceTitle "CBM 056"]
[Source "ChessBase"]
[SourceDate "1997.02.01"]
[SourceVersion "1"]
[SourceVersionDate "1997.02.01"]
[SourceQuality "1"]

1. e4 c5 2. c3 d5 3. exd5 Qxd5 4. d4 Nf6 5. Nf3 Bg4 6. Be2 e6 7. h3 Bh5 8. c4
Qd8 (8... Qd6 9. Nc3 cxd4 10. Nb5 Qb6 (10... Qd8 11. Bf4 (11. O-O Nc6 12. Bf4
Rc8 13. Qa4 Nd7 14. Nbxd4 Bxf3 15. Nxf3 Qf6 $13 {Schmittdiel,E-Polgar,Zsu
Polanica Zdroj 1991}) 11... Bb4+ 12. Kf1 Na6 13. Nc7+ Nxc7 14. Qa4+ b5 15. Qxb4
bxc4 16. Qxc4 Ncd5 17. Qc6+ Kf8 18. Bd6+ Kg8 19. Ba6 Ne4 20. Bb7 Bxf3 21. gxf3
Nxd6 22. Bxa8 h6 23. Qc5 $13 {Rosentalis,E-Szekely,P Odessa Kotov-mem 1989})
11. O-O Nbd7 12. g4 Bg6 13. Bf4 Rc8 14. Qxd4 Qxd4 15. Nbxd4 a6 16. Rfd1 Bc5 $6
(16... Be7) 17. a3 $1 Ke7 18. b4 Ba7 19. c5 $16 {Blatny,P-Mackay,I Adelaide
1988}) (8... Qd7 9. g4 (9. d5 exd5 10. g4 Bg6 11. Ne5 Qd8 (11... Qe6 12. Nxg6
hxg6 13. g5 Ne4 14. cxd5 Qf5 15. Be3 Nd6 16. Nc3 Rxh3 17. Qa4+ Kd8 $13 {
Rozentalis,E-Loginov,V Manila olm 1992}) 12. Qa4+ Nfd7 13. cxd5 Be7 14. Nxg6
hxg6 15. d6 Bg5 16. Qe4+ Kf8 17. Bxg5 Qxg5 18. Qxb7 Qc1+ 19. Bd1 Nb6 20. Nc3
Qxa1 21. Qe7+ Kg8 22. Qd8+ Kh7 23. Qh4+ {1/2-1/2 Godena,M-Shipov,S Cappelle la
Grande 1994}) 9... Bg6 10. Nc3 cxd4 11. Qxd4 Nc6 12. Qxd7+ Nxd7 13. Nh4 Nd4 14.
Nxg6 hxg6 15. Kf1 Bb4 $15 {/-/+ Bricard,E-Sokolov,A Cannas 1995}) 9. Qb3 (9.
Nc3 cxd4 10. Nxd4 Bxe2 11. Qa4+ Nbd7 12. Ndxe2 Be7 13. O-O O-O 14. Rd1 (14. Qc2
$142 {with b3}) 14... Qc8 $1 15. Be3 Nb6 16. Bxb6 axb6 17. Qb3 Qc7 $15 {
Xc4 Rozentalis,E-Kramnik,V Deutschland 1995 66/110 [Rozentalis,E]}) 9... cxd4 (
9... Qc8 10. d5 (10. Nc3 cxd4 $10) 10... exd5 11. cxd5 Bd6 12. Qe3+ (12. Bg5
Nbd7 13. Qe3+ Kf8 14. Nc3 a6 $13) 12... Kf8 13. Nc3 Nbd7 14. O-O (14. Nb5 Qb8
15. b3 a6 16. Nxd6 Qxd6 17. Bb2 Re8 $13) 14... a6 15. g4 (15. Nh4 $5) 15... Bg6
16. Nh4 Qc7 17. f4 Re8 18. Qf3 Bc2 {Blocker,C-Yermolinsky,A Springfield 1996
66/111 [Yermolinsky,A]} 19. Bd2 {with Rac1+/= [Yermolinsky]}) 10. Qxb7 Nbd7 11.
Nxd4 Rb8 12. Qa6 (12. Qc6) 12... Bb4+ (12... Bxe2 13. Nxe2 $10 {Ivanov,
V-Kalinin,A Moskva 1993 59/(170)} Bb4+ $1 14. Nbc3 O-O 15. Kf1 Nc5 16. Qc6 Qd3
$1 $10 {Ivanov,V.L}) 13. Nc3 O-O $17 {it just seems very strange to play this
line with the white piece,black is only a pawn down but have a very strong
initiative,white queen is in danger now and also the d4 knight is hanging,I
would not play this with white!} 14. Qa4 (14. Nc6 Rb6 15. Nxd8 Rxa6 16. g4 Rxd8
(16... Bg6 17. c5) 17. gxh5 $17 {Rozentalis,E-Heissle,J BL 9192}) (14. Bxh5 Nc5
15. Nc6 Qd7 $1 16. Qxa7 (16. Nxb8 Rxb8) (16. Nxb4 Nxa6 17. Nxa6 Rb6 18. c5 (18.
Nc5 Qc6) 18... Rxa6 19. Be2 Ra5 20. b4 Qd4) 16... Qxc6 17. Bxf7+ Kh8) 14... Nc5
15. Qd1 Bxe2 16. Kxe2 (16. Ndxe2 Nd3+ 17. Kf1 Bc5) 16... Bxc3 17. bxc3 Qc7 18.
Nb5 $2 {after this move white is almost losing by force,the only move was 18.
Re1 trying to take the king a quick as possible from the center since with a
king on e2 white chances to hold the game are close to nothing} (18. Re1 $8 e5
$5 19. Nb5 Qc6 20. Kf1 Rbd8 (20... Rfd8) 21. Qf3 e4 22. Qg3 Nd3) 18... Qc6 19.
Be3 (19. f3 Rfd8 20. Nd4 Qa6) 19... Rfd8 20. Qc2 Nce4 21. Na3 Ng3+ $1 22. fxg3
Qxg2+ 23. Bf2 Ne4 24. Ke3 (24. Rhf1 Nxg3+) (24. Raf1 Nxg3+) 24... Rd2 25. Rhf1
(25. Qxe4 Qxf2#) 25... Rxc2 26. Nxc2 Nxf2 27. Rxf2 Qxg3+ 28. Rf3 Qe5+ 29. Kd3
Rd8+ 30. Nd4 Qc5 31. Rb1 e5 32. Rb5 Qc6 33. Rf5 f6 0-1